00425nam a2200121 a 45000010005000000030005000050050017000100080041000270400020000681000025000882450125001132600065002381442CDMR20130426131519.0130130s1959||||||||||||||||||||||||||||d aCDMRbcatcCDMR1 aUlloa Cisneros, Luis10aHistoria de Españab: Gran historia general de los pueblos hispanos : Tomo IV. La Casa de Austria (siglos XVI y XVIII) aBarcelonac1959bInstituto Gallach de Librería y Ediciones